Statistics for Every Manchester United Manager

Click here to take the quiz!

General Stats

  • This quiz has been taken 24 times
  • The average score is 12 of 28

Answer Stats

YearsManager% Correct
1986-2013Alex Ferguson
100%
2018-2021Ole Gunnar Solskjaer
96%
2013-2014David Moyes
91%
2016-2018Jose Mourinho
91%
2014-2016Louis van Gaal
91%
2014 (c)Ryan Giggs
87%
2021-Present (i)Ralf Rangnick
83%
1945-1969Matt Busby
78%
1969-1970Matt Busby
78%
2021 (c)Michael Carrick
78%
1981-1986Ron Atkinson
48%
1972-1977Tommy Docherty
39%
1977-1981Dave Sexton
35%
1971-1972Frank O'Farrell
30%
1970-1971Wilf McGuinness
30%
1958 (c)Jimmy Murphy
22%
1914-1921Jack Robson
13%
1892-1900A.H. Albut
9%
1903-1912Ernest Mangnall
9%
1927-1931Herbert Bamlett
9%
1900-1903James West
9%
1912-1914John Bentley
9%
1921-1926John Chapman
9%
1926-1927Lal Hilditch
9%
1932-1937Scott Duncan
9%
1912T.J. Wallworth
9%
1937-1945Walter Crickmer
9%
1931-1932Walter Crickmer
9%

Score Distribution

Percentile by Number Answered

Percent of People with Each Score

Your Score History

You have not taken this quiz